[Event "Olimpiada de Khanty-Mansiysk 2010"]
[Site "Khanty-Mansiysk RUS"]
[Date "2010.09.30"]
[Round "9"]
[White "Michiels, Bart"]
[Black "Denny, Kevin"]
[Result "1-0"]
[WhiteElo "2459"]
[BlackElo "2316"]
[PlyCount "95"]
[EventDate "2010.09.21"]
[EventType "team"]
[EventRounds "11"]
[EventCountry "RUS"]
[Source "lmi"]
[SourceDate "2010.09.21"]
[WhiteTeam "Bélgica"]
[BlackTeam "Barbados"]
[WhiteTeamCountry "BEL"]
[BlackTeamCountry "BAR"]

1. e4 e5 2. Bc4 Nf6 3. d3 Nc6 4. Nf3 Be7 5. O-O O-O 6. Bb3 d6 7. c3 Na5 8. Bc2
c5 9. Nbd2 Nc6 10. Re1 Re8 11. Nf1 h6 12. h3 Bf8 13. d4 cxd4 14. cxd4 exd4 15.
Nxd4 Nxd4 16. Qxd4 Bd7 17. Bf4 Bc6 18. Ng3 d5 19. e5 Ne4 20. Nxe4 dxe4 21. Qxd8
Raxd8 22. Bxe4 Bxe4 23. Rxe4 g5 24. Be3 f5 25. Rd4 f4 26. Rxd8 Rxd8 27. Bxa7
Rd2 28. Rc1 Rxb2 29. Rc8 Rb5 30. e6 Re5 31. Re8 Re1+ 32. Kh2 Kg7 33. Bd4+ Kg6
34. Rxf8 Rxe6 35. a3 Rd6 36. Bc5 Rc6 37. Bb4 Rc2 38. f3 Rc6 39. Rg8+ Kf5 40.
Rg7 b6 41. h4 Re6 42. h5 Rc6 43. Rf7+ Ke6 44. Rf8 Ke5 45. Rd8 Kf5 46. Rd6 Rxd6
47. Bxd6 g4 48. a4 1-0

[Event "Olimpiada de Khanty-Mansiysk 2010"]
[Site "Khanty-Mansiysk RUS"]
[Date "2010.09.30"]
[Round "9"]
[White "Farley, Terry"]
[Black "Polaczek, Richard"]
[Result "1/2-1/2"]
[WhiteElo "2231"]
[BlackElo "2385"]
[PlyCount "35"]
[EventDate "2010.09.21"]
[EventType "team"]
[EventRounds "11"]
[EventCountry "RUS"]
[Source "lmi"]
[SourceDate "2010.09.21"]
[WhiteTeam "Barbados"]
[BlackTeam "Bélgica"]
[WhiteTeamCountry "BAR"]
[BlackTeamCountry "BEL"]

1. c4 e6 2. Nf3 Nf6 3. b3 d5 4. Bb2 Be7 5. g3 O-O 6. Bg2 a5 7. O-O a4 8. d3
Nbd7 9. Nbd2 c6 10. Qc2 Bd6 11. d4 Qe7 12. e4 Nxe4 13. Nxe4 dxe4 14. Qxe4 Ba3
15. Bc3 Bb4 16. Bb2 Ba3 17. Bc3 Bb4 18. Bb2 1/2-1/2

[Event "Olimpiada de Khanty-Mansiysk 2010"]
[Site "Khanty-Mansiysk RUS"]
[Date "2010.09.30"]
[Round "9"]
[White "Vandenbussche, Thibaut"]
[Black "Warner, Delisle"]
[Result "1-0"]
[WhiteElo "2333"]
[BlackElo "2240"]
[PlyCount "83"]
[EventDate "2010.09.21"]
[EventType "team"]
[EventRounds "11"]
[EventCountry "RUS"]
[Source "lmi"]
[SourceDate "2010.09.21"]
[WhiteTeam "Bélgica"]
[BlackTeam "Barbados"]
[WhiteTeamCountry "BEL"]
[BlackTeamCountry "BAR"]

1. e4 e6 2. d4 d5 3. Nc3 Bb4 4. e5 c5 5. a3 Bxc3+ 6. bxc3 Qc7 7. Qg4 f5 8. Qh5+
Qf7 9. Qxf7+ Kxf7 10. Nf3 cxd4 11. cxd4 h6 12. Rb1 b6 13. c4 dxc4 14. Bxc4 Ne7
15. a4 Ba6 16. Bb5 Bxb5 17. axb5 a5 18. Ba3 Nd5 19. Rc1 Nd7 20. Nd2 Rhc8 21.
Nc4 Kg8 22. Kd2 Ra7 23. Bd6 Raa8 24. Ne3 Nxe3 25. fxe3 Rxc1 26. Rxc1 Ra7 27. g4
fxg4 28. e4 a4 29. d5 a3 30. dxe6 Nc5 31. e7 Ra8 32. Bxc5 bxc5 33. Rf1 Re8 34.
Rf8+ Rxf8 35. exf8=R+ Kxf8 36. Kc3 a2 37. Kb2 Ke7 38. b6 Ke6 39. b7 Kxe5 40.
b8=Q+ Kxe4 41. Qb7+ Kf4 42. Qxg7 1-0

[Event "Olimpiada de Khanty-Mansiysk 2010"]
[Site "Khanty-Mansiysk RUS"]
[Date "2010.09.30"]
[Round "9"]
[White "Corbin, Philip"]
[Black "Rooze, Jan"]
[Result "1/2-1/2"]
[WhiteElo "2151"]
[BlackElo "2288"]
[PlyCount "91"]
[EventDate "2010.09.21"]
[EventType "team"]
[EventRounds "11"]
[EventCountry "RUS"]
[Source "lmi"]
[SourceDate "2010.09.21"]
[WhiteTeam "Barbados"]
[BlackTeam "Bélgica"]
[WhiteTeamCountry "BAR"]
[BlackTeamCountry "BEL"]

1. e4 c5 2. Nf3 e6 3. d4 cxd4 4. Nxd4 Nc6 5. Be2 Qc7 6. Nc3 a6 7. Be3 Nf6 8.
O-O Bb4 9. Bd3 Ne5 10. Bd2 Bc5 11. Nce2 O-O 12. h3 d5 13. exd5 Nxd3 14. cxd3
Nxd5 15. Rc1 Qd6 16. Nb3 Ba7 17. Rc4 Bd7 18. Rh4 Rfe8 19. d4 Bb5 20. Re1 Bd3
21. Nf4 Qd8 22. Qh5 Nxf4 23. Rxf4 Bg6 24. Qf3 Qd5 25. Nc5 Qxa2 26. Nxb7 Rab8
27. Nd6 Rf8 28. Bc3 Rb6 29. Ne4 Bb8 30. Rh4 Qd5 31. Nd2 Qxf3 32. Nxf3 f6 33.
Nd2 Bd3 34. d5 exd5 35. Rd4 Bb5 36. Rxd5 Rd6 37. Rxd6 Bxd6 38. Re6 Bb8 39. Re7
Rd8 40. g3 Kf8 41. Re1 Re8 42. Rxe8+ Kxe8 43. Nf3 Bd7 44. h4 Kf7 45. Nd4 h5 46.
Kg2 1/2-1/2

[Event "Olimpiada de Khanty-Mansiysk 2010"]
[Site "Khanty-Mansiysk RUS"]
[Date "2010.09.30"]
[Round "9"]
[White "Lodhi, Mahmood"]
[Black "Linster, Philippe"]
[Result "1-0"]
[WhiteElo "2391"]
[BlackElo "2264"]
[PlyCount "67"]
[EventDate "2010.09.21"]
[EventType "team"]
[EventRounds "11"]
[EventCountry "RUS"]
[Source "lmi"]
[SourceDate "2010.09.21"]
[WhiteTeam "Pakistán"]
[BlackTeam "Luxemburgo"]
[WhiteTeamCountry "PAK"]
[BlackTeamCountry "LUX"]

1. d4 Nf6 2. Nf3 g6 3. g3 Bg7 4. Bg2 O-O 5. c4 d6 6. O-O Nc6 7. Nc3 a6 8. e4
Bg4 9. Be3 Nd7 10. h3 Bxf3 11. Bxf3 e5 12. d5 Nd4 13. Bg2 c5 14. dxc6 bxc6 15.
f4 Qb6 16. Na4 Qb4 17. b3 a5 18. f5 Rfb8 19. h4 Nc5 20. Nxc5 Qxc5 21. fxg6 hxg6
22. h5 Bh6 23. Bxh6 Nf5+ 24. Kh1 Nxh6 25. hxg6 Kg7 26. Qf3 Kxg6 27. Bh3 Rh8 28.
Kg2 a4 29. g4 Kh7 30. g5 Rhg8 31. Qh5 Rxg5+ 32. Qxg5 Rg8 33. Rxf7+ Kh8 34. Rf8
1-0

[Event "Olimpiada de Khanty-Mansiysk 2010"]
[Site "Khanty-Mansiysk RUS"]
[Date "2010.09.30"]
[Round "9"]
[White "Jeitz, Christian"]
[Black "Amer, Karim"]
[Result "0-1"]
[WhiteElo "2235"]
[BlackElo "2234"]
[PlyCount "86"]
[EventDate "2010.09.21"]
[EventType "team"]
[EventRounds "11"]
[EventCountry "RUS"]
[Source "lmi"]
[SourceDate "2010.09.21"]
[WhiteTeam "Luxemburgo"]
[BlackTeam "Pakistán"]
[WhiteTeamCountry "LUX"]
[BlackTeamCountry "PAK"]

1. e4 c5 2. Nf3 Nc6 3. Bb5 g6 4. O-O Bg7 5. c3 Nf6 6. Re1 O-O 7. h3 d6 8. d4
Qb6 9. Bxc6 bxc6 10. e5 dxe5 11. dxe5 Nd5 12. Na3 Ba6 13. Qc2 Rab8 14. Nd2 Qc7
15. Nac4 Rfd8 16. Qe4 Nb6 17. f4 Bc8 18. Nxb6 axb6 19. Qf3 Be6 20. Ne4 Ra8 21.
a3 Bd5 22. Qe2 Ra4 23. b4 cxb4 24. cxb4 Rda8 25. Bb2 Bxe4 26. Qxe4 c5 27. Rac1
e6 28. Rc4 Bf8 29. b5 Rxc4 30. Qxc4 Qd7 31. Re4 Qd1+ 32. Kh2 Rd8 33. Bc1 Be7
34. Be3 Rd3 35. a4 Ra3 36. Bf2 h5 37. Be1 Ra1 38. a5 bxa5 39. h4 Bxh4 40. Qxc5
Bxe1 41. Rd4 Bg3+ 42. Kxg3 Qg4+ 43. Kf2 Ra2+ 0-1

[Event "Olimpiada de Khanty-Mansiysk 2010"]
[Site "Khanty-Mansiysk RUS"]
[Date "2010.09.30"]
[Round "9"]
[White "Wasim, Akram"]
[Black "Mossong, Hubert"]
[Result "1-0"]
[WhiteElo "2054"]
[BlackElo "2184"]
[PlyCount "91"]
[EventDate "2010.09.21"]
[EventType "team"]
[EventRounds "11"]
[EventCountry "RUS"]
[Source "lmi"]
[SourceDate "2010.09.21"]
[WhiteTeam "Pakistán"]
[BlackTeam "Luxemburgo"]
[WhiteTeamCountry "PAK"]
[BlackTeamCountry "LUX"]

1. d4 d6 2. Nf3 Bg4 3. c3 Nd7 4. Bg5 h6 5. Bh4 Ngf6 6. h3 Bxf3 7. exf3 e5 8.
dxe5 dxe5 9. Nd2 Be7 10. Bc4 O-O 11. Qc2 c6 12. g4 b5 13. Be2 Nd5 14. Bg3 Bh4
15. Ne4 Bxg3 16. Nxg3 Qb6 17. h4 Nf4 18. Nf5 Ng2+ 19. Kf1 Nf4 20. Rd1 Nc5 21.
g5 h5 22. Rd6 Rae8 23. Rg1 Re6 24. g6 f6 25. Rd1 Rd8 26. b4 Nb7 27. c4 Kh8 28.
c5 Qc7 29. Rxd8+ Qxd8 30. Qb3 Qd7 31. a3 Nd8 32. Ke1 Re8 33. Nd6 Rf8 34. Bd3
Qh3 35. Be4 Qe6 36. Qxe6 Nfxe6 37. Nf5 Nf4 38. Kd2 a6 39. Kc2 Re8 40. Rd1 Rf8
41. Ne7 Nfe6 42. Rd7 Nd4+ 43. Kd1 a5 44. f4 axb4 45. axb4 f5 46. fxe5 1-0

[Event "Olimpiada de Khanty-Mansiysk 2010"]
[Site "Khanty-Mansiysk RUS"]
[Date "2010.09.30"]
[Round "9"]
[White "Smith, Robert W"]
[Black "Gilruth, Peter"]
[Result "1-0"]
[WhiteElo "2282"]
[BlackElo "2202"]
[PlyCount "93"]
[EventDate "2010.09.21"]
[EventType "team"]
[EventRounds "11"]
[EventCountry "RUS"]
[Source "lmi"]
[SourceDate "2010.09.21"]
[WhiteTeam "Nueva Zelanda"]
[BlackTeam "Kenia"]
[WhiteTeamCountry "NZL"]
[BlackTeamCountry "KEN"]

1. e4 c5 2. Nf3 Nc6 3. Bb5 g6 4. Bxc6 bxc6 5. d3 Bg7 6. O-O Nf6 7. Re1 O-O 8.
e5 Nd5 9. h3 f6 10. c4 Nc7 11. exf6 Bxf6 12. Nc3 d6 13. Bh6 Re8 14. Ng5 e5 15.
Nge4 Bg7 16. Bg5 Qd7 17. Qg4 Qxg4 18. hxg4 Re6 19. Bd8 Na6 20. a3 Bb7 21. Bh4
h6 22. g5 d5 23. Nd2 Rae8 24. gxh6 Bxh6 25. Nf3 Nc7 26. Bg3 Bf4 27. Bh4 e4 28.
dxe4 d4 29. Na4 Na6 30. Bg5 Bc7 31. Nd2 Ba5 32. f3 Re5 33. Bf4 Rh5 34. Rad1 Bc8
35. g4 Rh7 36. Bd6 Bb6 37. Kg2 Be6 38. b3 Rd8 39. Be5 Bc7 40. Bxc7 Rxc7 41. Rh1
Rh7 42. Rxh7 Kxh7 43. e5 Rb8 44. Ne4 Bg8 45. Naxc5 Nxc5 46. Nxc5 Rd8 47. f4 1-0

[Event "Olimpiada de Khanty-Mansiysk 2010"]
[Site "Khanty-Mansiysk RUS"]
[Date "2010.09.30"]
[Round "9"]
[White "Croad, Nicolas"]
[Black "Mukabi, John"]
[Result "1-0"]
[WhiteElo "2297"]
[BlackElo "2074"]
[PlyCount "71"]
[EventDate "2010.09.21"]
[EventType "team"]
[EventRounds "11"]
[EventCountry "RUS"]
[Source "lmi"]
[SourceDate "2010.09.21"]
[WhiteTeam "Nueva Zelanda"]
[BlackTeam "Kenia"]
[WhiteTeamCountry "NZL"]
[BlackTeamCountry "KEN"]

1. d4 Nf6 2. c4 d5 3. cxd5 Nxd5 4. Nf3 Bf5 5. Nbd2 Bg6 6. Qb3 Nb6 7. e4 e6 8.
h4 h6 9. Ne5 Bxe4 10. Nxf7 Kxf7 11. Nxe4 Qxd4 12. Nc3 Bc5 13. Be3 Qb4 14. Bxc5
Qxc5 15. Rh3 Re8 16. Qc2 N8d7 17. O-O-O Nf6 18. Rdd3 Nbd5 19. Rdf3 Kg8 20. Rhg3
Nh5 21. Rg4 Nxc3 22. Rxc3 Qf5 23. Rb4 Qxc2+ 24. Kxc2 b6 25. Rxc7 Nf6 26. Rbc4
Nd5 27. Rb7 Rec8 28. Kb3 a5 29. a4 Rab8 30. Rxc8+ Rxc8 31. Bc4 Rc6 32. g3 Kf8
33. f3 Kg8 34. Rd7 Nc7 35. Bd3 Kf8 36. Bg6 1-0

[Event "Olimpiada de Khanty-Mansiysk 2010"]
[Site "Khanty-Mansiysk RUS"]
[Date "2010.09.30"]
[Round "9"]
[White "Krylov, Sergey"]
[Black "Cordova, Emilio"]
[Result "0-1"]
[WhiteElo "2359"]
[BlackElo "2539"]
[PlyCount "64"]
[EventDate "2010.09.21"]
[EventType "team"]
[EventRounds "11"]
[EventCountry "RUS"]
[Source "lmi"]
[SourceDate "2010.09.21"]
[WhiteTeam "IBC"]
[BlackTeam "Perú"]
[BlackTeamCountry "PER"]

1. e4 c5 2. Nf3 a6 3. c3 e6 4. d4 d5 5. e5 Nc6 6. Be2 cxd4 7. cxd4 Nge7 8. Nc3
Nf5 9. O-O Be7 10. g4 Nh4 11. Nxh4 Bxh4 12. f4 Qb6 13. Be3 Qxb2 14. Rc1 Bd8 15.
f5 Qa3 16. f6 gxf6 17. exf6 Bd7 18. Rf3 Rg8 19. h3 Rc8 20. Na4 Nxd4 21. Rxc8
Nxf3+ 22. Kf2 Bxc8 23. Bxf3 Qxa2+ 24. Kg1 Bxf6 25. Nb6 Bd7 26. Nxd7 Kxd7 27.
Qd3 Qa1+ 28. Kf2 Qc3 29. Qxh7 Rg7 30. Qb1 Qb2+ 31. Qxb2 Bxb2 32. h4 a5 0-1

[Event "Olimpiada de Khanty-Mansiysk 2010"]
[Site "Khanty-Mansiysk RUS"]
[Date "2010.09.30"]
[Round "9"]
[White "Cori, Jorge"]
[Black "Mueller, Oliver"]
[Result "1-0"]
[WhiteElo "2496"]
[BlackElo "2311"]
[PlyCount "71"]
[EventDate "2010.09.21"]
[EventType "team"]
[EventRounds "11"]
[EventCountry "RUS"]
[Source "lmi"]
[SourceDate "2010.09.21"]
[WhiteTeam "Perú"]
[BlackTeam "IBC"]
[WhiteTeamCountry "PER"]

1. d4 Nf6 2. Nf3 g6 3. g3 Bg7 4. Bg2 O-O 5. c4 d6 6. O-O Nbd7 7. Nc3 e5 8. h3
c6 9. e4 exd4 10. Nxd4 Qa5 11. Nde2 Nb6 12. b3 Qh5 13. Qd3 d5 14. cxd5 cxd5 15.
Nf4 Qe5 16. Ba3 dxe4 17. Nxe4 Re8 18. Nd6 Rd8 19. Nxf7 Kxf7 20. Qxd8 Bd7 21.
Rae1 Qxe1 22. Qxd7+ Nfxd7 23. Rxe1 Ne5 24. Bxb7 Rd8 25. Kg2 Rd7 26. Be4 Bf6 27.
h4 Ng4 28. Bc5 Bd4 29. Bxd4 Rxd4 30. Bf3 Nf6 31. Ne6 Rd2 32. Ng5+ Kf8 33. Re6
Nbd7 34. Ra6 h6 35. Nh3 Ne5 36. Rxf6+ 1-0

[Event "Olimpiada de Khanty-Mansiysk 2010"]
[Site "Khanty-Mansiysk RUS"]
[Date "2010.09.30"]
[Round "9"]
[White "Chumfwa, Stanley"]
[Black "Ziska, Helgi Dam"]
[Result "1-0"]
[WhiteElo "2315"]
[BlackElo "2439"]
[PlyCount "65"]
[EventDate "2010.09.21"]
[EventType "team"]
[EventRounds "11"]
[EventCountry "RUS"]
[Source "lmi"]
[SourceDate "2010.09.21"]
[WhiteTeam "Zambia"]
[BlackTeam "Islas Faroe"]
[WhiteTeamCountry "ZAM"]
[BlackTeamCountry "FAI"]

1. e4 c5 2. Nf3 d6 3. d4 cxd4 4. Nxd4 Nf6 5. Nc3 a6 6. Be2 e5 7. Nb3 Be7 8. O-O
O-O 9. Kh1 b6 10. f3 Bb7 11. a4 Nbd7 12. Bc4 Qc7 13. Qe2 Rfc8 14. Bd3 d5 15.
exd5 Nxd5 16. Nxd5 Bxd5 17. Rd1 Bb7 18. Be3 Nf6 19. a5 bxa5 20. Nxa5 e4 21.
fxe4 Bxe4 22. Bxe4 Nxe4 23. Rd4 Qe5 24. Nc4 Qe6 25. Nb6 Nc3 26. bxc3 Qxb6 27.
Rda4 Qe6 28. Rxa6 Rxa6 29. Rxa6 Qe5 30. Qd2 Bf6 31. Bd4 Qb5 32. Ra1 Rd8 33.
Bxf6 1-0

[Event "Olimpiada de Khanty-Mansiysk 2010"]
[Site "Khanty-Mansiysk RUS"]
[Date "2010.09.30"]
[Round "9"]
[White "Rodgaard, John"]
[Black "Jere, Daniel"]
[Result "1/2-1/2"]
[WhiteElo "2352"]
[BlackElo "2267"]
[PlyCount "87"]
[EventDate "2010.09.21"]
[EventType "team"]
[EventRounds "11"]
[EventCountry "RUS"]
[Source "lmi"]
[SourceDate "2010.09.21"]
[WhiteTeam "Islas Faroe"]
[BlackTeam "Zambia"]
[WhiteTeamCountry "FAI"]
[BlackTeamCountry "ZAM"]

1. c4 Nf6 2. Nf3 g6 3. Nc3 Bg7 4. e4 d6 5. d4 O-O 6. Be2 e5 7. O-O Nc6 8. Be3
Ng4 9. Bg5 f6 10. Bh4 g5 11. Bg3 Nh6 12. d5 Ne7 13. Ne1 f5 14. exf5 Nhxf5 15.
Nc2 Ng6 16. Bg4 Nf4 17. Ne3 Nd4 18. Bxc8 Rxc8 19. Nc2 c5 20. dxc6 bxc6 21. Nxd4
exd4 22. Ne4 h6 23. Bxf4 Rxf4 24. Qd3 c5 25. Rae1 Qd7 26. Re2 d5 27. Nd2 Qf5
28. Qxf5 Rxf5 29. b3 d3 30. Re3 dxc4 31. Nxc4 Rd8 32. Rd1 Rfd5 33. Kf1 Bc3 34.
Re6 h5 35. h3 Kf7 36. Re3 Kf6 37. Rf3+ Kg6 38. Re3 g4 39. hxg4 hxg4 40. Rg3 Kh5
41. Re3 Kg6 42. g3 Bf6 43. Re4 Rd4 44. Re3 1/2-1/2

[Event "Olimpiada de Khanty-Mansiysk 2010"]
[Site "Khanty-Mansiysk RUS"]
[Date "2010.09.30"]
[Round "9"]
[White "Chumfwa, Kelvin"]
[Black "Samuelsen, Carl Eli Nolso"]
[Result "1/2-1/2"]
[WhiteElo "2224"]
[BlackElo "2262"]
[PlyCount "122"]
[EventDate "2010.09.21"]
[EventType "team"]
[EventRounds "11"]
[EventCountry "RUS"]
[Source "lmi"]
[SourceDate "2010.09.21"]
[WhiteTeam "Zambia"]
[BlackTeam "Islas Faroe"]
[WhiteTeamCountry "ZAM"]
[BlackTeamCountry "FAI"]

1. d4 Nf6 2. Nf3 g6 3. g3 Bg7 4. Bg2 O-O 5. c4 d5 6. O-O Nc6 7. cxd5 Nxd5 8.
Nc3 Nb6 9. d5 Nb4 10. e4 e6 11. Bg5 f6 12. Be3 Qe7 13. Qb3 Na6 14. Rfe1 Re8 15.
Rac1 Qb4 16. Qxb4 Nxb4 17. Nb5 Nd3 18. Nxc7 Nxe1 19. Bxb6 Nd3 20. Rc3 f5 21.
Rxd3 fxe4 22. Ra3 exf3 23. Nxe8 Bxb2 24. Rb3 axb6 25. Rxb2 fxg2 26. Nc7 Ra5 27.
d6 Bd7 28. Kxg2 Kf7 29. g4 Ra3 30. h3 Rd3 31. Rxb6 Bc6+ 32. Kh2 Rxd6 33. Rb2 g5
34. a4 Rd1 35. f3 Rf1 36. Nb5 Rxf3 37. Nd6+ Kf6 38. Nxb7 Bxa4 39. Re2 Bc6 40.
Nc5 e5 41. Rd2 Ke7 42. Re2 Kd6 43. Ne4+ Bxe4 44. Rxe4 Kd5 45. Ra4 Rc3 46. Ra7
h6 47. Rd7+ Ke4 48. Rd6 Ke3 49. Rxh6 e4 50. Rg6 Rc5 51. h4 gxh4 52. Kh3 Kf4 53.
Kxh4 e3 54. Rf6+ Ke4 55. Kg3 Re5 56. Ra6 e2 57. Kf2 Kf4 58. Ra4+ Re4 59. Rxe4+
Kxe4 60. Kxe2 Kf4 61. Kf2 Kxg4 1/2-1/2

[Event "Olimpiada de Khanty-Mansiysk 2010"]
[Site "Khanty-Mansiysk RUS"]
[Date "2010.09.30"]
[Round "9"]
[White "Al-Hadarani, Hatim"]
[Black "Minhazuddin, Ahmed"]
[Result "1/2-1/2"]
[WhiteElo "2264"]
[BlackElo "2368"]
[PlyCount "178"]
[EventDate "2010.09.21"]
[EventType "team"]
[EventRounds "11"]
[EventCountry "RUS"]
[Source "lmi"]
[SourceDate "2010.09.21"]
[WhiteTeam "Yemen"]
[BlackTeam "Bangladesh"]
[WhiteTeamCountry "YEM"]
[BlackTeamCountry "BAN"]

1. Nf3 Nf6 2. g3 d5 3. Bg2 c6 4. c4 d4 5. e3 c5 6. exd4 cxd4 7. b4 a5 8. b5 e6
9. O-O Bc5 10. d3 b6 11. Ne5 Ra7 12. Ba3 Bxa3 13. Nxa3 Qd6 14. Nc6 Nxc6 15.
Bxc6+ Bd7 16. Qa4 Rc7 17. c5 Qxc5 18. Rfc1 Qb4 19. Qxb4 axb4 20. Nc2 Bxc6 21.
Nxb4 Nd7 22. Nxc6 Nc5 23. Rc4 O-O 24. Rxd4 Ra8 25. Rd1 f6 26. Rd2 Kf7 27. f4
Ke8 28. Rc4 Kd7 29. d4 Ne4 30. Rdc2 Rcc8 31. a4 Nd6 32. Rb4 Nb7 33. Rbc4 Nd6
34. Rb4 Nb7 35. Rd2 Kd6 36. d5 Nc5 37. dxe6+ Kxe6 38. Rc2 Rxa4 39. Rxa4 Nxa4
40. Nd4+ Kd7 41. Rd2 Rc1+ 42. Kg2 Ke7 43. Nf5+ Kf7 44. Ra2 Rc5 45. g4 g6 46.
Nd6+ Ke6 47. Ne4 Rc4 48. Re2 Rb4 49. Kf3 h6 50. Ng5+ Kd5 51. Nh7 Rb3+ 52. Kf2
Rxb5 53. Nxf6+ Kd6 54. Ne4+ Kc7 55. h4 Rd5 56. Nf6 Rd4 57. Re7+ Kc6 58. Ke3 Rd6
59. Ne4 Rd8 60. Re6+ Kc7 61. Rxg6 b5 62. Rxh6 Re8 63. Kd4 Rd8+ 64. Ke3 b4 65.
Ra6 Nb6 66. Nc5 Rd5 67. Na4 Nc4+ 68. Ke4 Rd1 69. h5 Rh1 70. Kd4 Nd6 71. Kc5
Ne4+ 72. Kxb4 Nf2 73. Rg6 Nd3+ 74. Kc4 Nxf4 75. Rg5 Rh4 76. Kb5 Ne6 77. Rg6 Nf4
78. Rg7+ Kd8 79. Rg5 Ne6 80. Rg8+ Ke7 81. Nc5 Kf7 82. Rg6 Nf8 83. Rg5 Nh7 84.
Rf5+ Ke7 85. Rf4 Nf6 86. Ne4 Nxh5 87. Rf5 Rxg4 88. Re5+ Kf8 89. Rf5+ Ke7
1/2-1/2

[Event "Olimpiada de Khanty-Mansiysk 2010"]
[Site "Khanty-Mansiysk RUS"]
[Date "2010.09.30"]
[Round "9"]
[White "Abu Sufian, Shakil"]
[Black "Abdul, Moula Sabri"]
[Result "1-0"]
[WhiteElo "2361"]
[BlackElo "2189"]
[PlyCount "93"]
[EventDate "2010.09.21"]
[EventType "team"]
[EventRounds "11"]
[EventCountry "RUS"]
[Source "lmi"]
[SourceDate "2010.09.21"]
[WhiteTeam "Bangladesh"]
[BlackTeam "Yemen"]
[WhiteTeamCountry "BAN"]
[BlackTeamCountry "YEM"]

1. e4 c5 2. Nf3 a6 3. c3 e6 4. d4 d5 5. e5 Bd7 6. Bd3 Nc6 7. a3 Qb6 8. Bc2 Nh6
9. O-O c4 10. Re1 g6 11. Nbd2 Na5 12. Rb1 Qc7 13. Nf1 Nf5 14. g4 Ne7 15. Ng3
O-O-O 16. Ng5 Be8 17. Qf3 Ng8 18. Nh3 Be7 19. Bg5 Bxg5 20. Nxg5 h6 21. Nh3 Qe7
22. Kg2 Qh4 23. Qe2 Ne7 24. Rf1 Bd7 25. f4 g5 26. Nh5 gxf4 27. Rxf4 Ng6 28.
Bxg6 fxg6 29. Nf6 g5 30. Ng1 gxf4 31. Nf3 Qg5 32. Nxg5 hxg5 33. Rh1 Rh6 34. h4
Rdh8 35. Nh5 gxh4 36. Nxf4 Rg8 37. Kh3 Nc6 38. Nh5 Ne7 39. Nf6 Rg5 40. Qd2 Rhg6
41. Rf1 Ng8 42. Kxh4 Nxf6 43. exf6 Rxg4+ 44. Kh5 Be8 45. f7 Kd8 46. fxe8=Q+
Kxe8 47. Rf6 1-0

[Event "Olimpiada de Khanty-Mansiysk 2010"]
[Site "Khanty-Mansiysk RUS"]
[Date "2010.09.30"]
[Round "9"]
[White "Al-Zendani, Zendan"]
[Black "Chatterjee, Debaraj"]
[Result "1-0"]
[WhiteElo "2400"]
[BlackElo "2288"]
[PlyCount "115"]
[EventDate "2010.09.21"]
[EventType "team"]
[EventRounds "11"]
[EventCountry "RUS"]
[Source "lmi"]
[SourceDate "2010.09.21"]
[WhiteTeam "Yemen"]
[BlackTeam "Bangladesh"]
[WhiteTeamCountry "YEM"]
[BlackTeamCountry "BAN"]

1. e4 d5 2. exd5 Qxd5 3. Nc3 Qa5 4. d4 Nf6 5. Nf3 c6 6. Bc4 Bf5 7. Bd2 e6 8.
Nd5 Qd8 9. Nxf6+ gxf6 10. Bf4 Bd6 11. Bg3 Bg4 12. Qe2 f5 13. Qe3 Bxf3 14. gxf3
h5 15. O-O-O h4 16. Bxd6 Qxd6 17. d5 cxd5 18. Bxd5 Nc6 19. Be4 Qc7 20. Bxf5 Rd8
21. Bd3 Qe5 22. f4 Qxe3+ 23. fxe3 Rg8 24. Be4 Ke7 25. Rxd8 Nxd8 26. Kd2 f5 27.
Bf3 b6 28. Re1 Nf7 29. e4 fxe4 30. Bxe4 Kf6 31. Ke3 Nd6 32. Bd3 Rg2 33. Re2 Rg1
34. Kf2 Rg4 35. Kf3 Rg8 36. Rg2 Rh8 37. Rg6+ Kf7 38. Rg5 Kf6 39. Kg4 Nf7 40.
Rh5 Rg8+ 41. Kf3 Rc8 42. Rxh4 a5 43. Rh5 Rc6 44. Ke3 Rd6 45. a4 Rc6 46. h3 Rd6
47. Rb5 e5 48. Be4 exf4+ 49. Kxf4 Nd8 50. Bd5 Ke7 51. h4 Rf6+ 52. Kg5 Rf2 53.
c4 Rf6 54. h5 Ne6+ 55. Bxe6 Rxe6 56. h6 Kf7 57. Rf5+ Kg8 58. Rf6 1-0

[Event "Olimpiada de Khanty-Mansiysk 2010"]
[Site "Khanty-Mansiysk RUS"]
[Date "2010.09.30"]
[Round "9"]
[White "Javed, Mohammad"]
[Black "Gameel, Mohamed"]
[Result "1-0"]
[WhiteElo "2290"]
[BlackElo "2216"]
[PlyCount "93"]
[EventDate "2010.09.21"]
[EventType "team"]
[EventRounds "11"]
[EventCountry "RUS"]
[Source "lmi"]
[SourceDate "2010.09.21"]
[WhiteTeam "Bangladesh"]
[BlackTeam "Yemen"]
[WhiteTeamCountry "BAN"]
[BlackTeamCountry "YEM"]

1. e4 e5 2. Nf3 Nc6 3. Bb5 a6 4. Ba4 Nf6 5. O-O b5 6. Bb3 Be7 7. Re1 O-O 8. c3
d6 9. d4 Bb7 10. Nbd2 Nd7 11. Nf1 Bf6 12. Ne3 Na5 13. Bc2 g6 14. b4 Nc6 15. Nd5
Bg7 16. Bb3 h6 17. Be3 Ne7 18. dxe5 Nxd5 19. exd5 dxe5 20. Nd2 Nf6 21. Bc5 Re8
22. c4 bxc4 23. Nxc4 Qxd5 24. Qxd5 Bxd5 25. Rac1 Nd7 26. Be3 Reb8 27. a3 c5 28.
Nxe5 Nb6 29. Bxd5 Nxd5 30. Bxc5 Re8 31. Nc4 Nf4 32. Nd6 Red8 33. Rcd1 Rd7 34.
g3 Ne6 35. Ne4 Rad8 36. Rxd7 Rxd7 37. a4 Rd3 38. Rb1 f5 39. Nd6 Ra3 40. Re1 Nd4
41. Re8+ Kh7 42. Re7 Kh8 43. Kg2 Nb3 44. Re3 Bb2 45. Nc4 Nxc5 46. bxc5 Rxa4 47.
Nxb2 1-0

[Event "Olimpiada de Khanty-Mansiysk 2010"]
[Site "Khanty-Mansiysk RUS"]
[Date "2010.09.30"]
[Round "9"]
[White "Nepali, Badrilal"]
[Black "Rodriguez Vila, Andres"]
[Result "0-1"]
[WhiteElo "2135"]
[BlackElo "2537"]
[PlyCount "90"]
[EventDate "2010.09.21"]
[EventType "team"]
[EventRounds "11"]
[EventCountry "RUS"]
[Source "lmi"]
[SourceDate "2010.09.21"]
[WhiteTeam "Nepal"]
[BlackTeam "Uruguay"]
[WhiteTeamCountry "NEP"]
[BlackTeamCountry "URU"]

1. e4 e6 2. d4 d5 3. Nc3 Bb4 4. e5 c5 5. a3 Bxc3+ 6. bxc3 Nc6 7. Nf3 Qc7 8. Be2
Bd7 9. O-O O-O-O 10. Ng5 Nh6 11. f4 f6 12. Nf3 Nf5 13. g4 Nfe7 14. Be3 h5 15.
h3 hxg4 16. hxg4 Rh3 17. Kg2 Rdh8 18. Qd2 c4 19. Bf2 Be8 20. Rh1 Rxh1 21. Rxh1
Rxh1 22. Kxh1 Bg6 23. Bh4 f5 24. Ng5 Kd7 25. Qc1 Qb6 26. Kh2 fxg4 27. Bxg4 Bf5
28. Bd1 Qd8 29. Kg2 Qh8 30. Bg3 Qe8 31. a4 Qg6 32. Qa3 Nd8 33. Qd6+ Ke8 34. a5
a6 35. Kf2 Bxc2 36. Bg4 Nf5 37. Qc7 Nh6 38. Bf3 Ba4 39. Kg2 Bd7 40. Kh3 Nf5 41.
Bh4 Qh6 42. Qxd8+ Kxd8 43. Nf7+ Kc7 44. Nxh6 gxh6 45. Be1 Kc6 0-1